000 02492nam a2200325 a 4500
001 000014977
003 DO-SdBNP
005 20250403121118.0
008 100128s2005 dr 001 0 spa d
020 _a9993442364
040 _aDO-SdBNP
_bspa
_cBNPHU
082 _a868.5
_bD598c
111 1 _aDirección General de la Feriadel Libro
_933903
245 1 0 _aColoquios 2004 /
_cJulio Adames ... [et al.] ; editor José M. Fernández Pequeño ; presentación Alejandro Arvelo ;.
260 _aSanto Domingo :
_bFerilibro,
_c2005.
_fBúho
300 _a182 p. ;
_c24 cm.
490 1 _aFerilibro
_vno. 70
500 _aIncluye referencias bibliográficas y notas al pie de las páginas
505 0 _aPresentación /Alejandro Arvelo -- Ismos y vanguardias en Puerto Rico y Santo Domingo en la primera mitad del siglo XX (influencias y referencias) / Manuel Mora Serrano -- Relaciones históricas entre la República Dominicana y Puerto Rico / Fernando Pérez Memén -- Aporte de la inmigración puertorriqueña en San Pedro de Macorís / Miguel Phipps -- El conflicto del ser en la dramaturgia puertorriqueña / Noé Zayas -- El cuento en Puerto Rico / Virgilio López Azuán -- Ejes de construcción en los espacios de la narrativa dominicana: La tarde en que murió Estefanía / Pura Emeterio Rondón -- Pablo Neruda: La llama múltiple / Adrián Javier -- Divagaciones en torno a los Veinte poemas de amor y una canción desesperada de Pablo Neruda / León David -- Poética y presencia de Pablo Neruda en República Dominicana / Víctor Villegas -- Pablo Neruda: Soledad confesada / Bernardo Silfa Bor -- Pablo Neruda: Galope muerto / Julio Adames -- Periplo nerudiano de un dominicano: Del versainograma a Santo Domingo al huracán Neruda / José del Castillo -- El presente de las escritoras / Ana Almonte -- Literatura y artes visuales: la inscripción abierta del ojo. Signos, emblemas y textos artísticos / Odalis G. Pérez -- Periodismo, cultura y literatura / Rafael P. Rodríquez -- Los autores.
600 1 4 _aNeruda, Pablo,
_d1904-1973
_xCrítica e interpretación
_933904
650 4 _aLiteratura dominicana
_xHistoria y crítica
_9159
650 4 _aLiteratura puertorriqueña
_xHistoria y crìtica
_92838
650 0 _aEnsayos dominicanos
_965
650 4 _aEnsayos puertorriqueños
_98892
700 1 _aFernández Pequeño, José
_92067
700 1 _aAdames, Julio
_933905
700 1 _aArvelo, Alejandro
_9147
830 0 _aFerilibro
_vno. 70
_9377
942 _2ddc
_cLBS1
999 _c14550
_d14550